00505nam a2200205Ia 450000500170000000800460001702000180006303700100008104000080009104000080009904000080010704100080011504100080012308400080013124500480013926000330018726000090022065000210022985600490025020260306150826.0008 260114s9999 xx 000 0 eng d a9783964561695 aEbook aCRL beng cCRL 2eng aeng qCRL 0aEdiciones alemanas en español (1850-1900) bVervuert Verlagsgesellschaft c2009 aLiterary Studies uhttps://www.degruyter.com/isbn/9783964561695